Fußball-Legionäre Europa mit den meisten Spielen je Liga - Statistiken

Allgemein
  • Dieses Quiz wurde 62 mal gespielt
  • Das Durchschnittsergebnis liegt bei 5 aus 16
Antwortstatistiken
Land Liga Nation Verein(e) Spiele Antwort % Korrekt
Deutschland Bundesliga Peru Werder Bremen / Bayern München / 1. FC Köln 490 Claudio Pizarro
96%
England Premier League Wales Manchester United 632 Ryan Giggs
92%
Spanien La Liga Frankreich Real Sociedad / Atlético Madrid / FC Barcelona 530 Antoine Griezmann
77%
Italien Serie A Argentinien Inter Mailand 615 Javier Zanetti
67%
Türkei Süper Lig Uruguay Galatasaray Istanbul 437 Fernando Muslera
60%
Österreich Bundesliga Deutschland SK Rapid Wien 434 Steffen Hofmann
21%
Niederlande Eredivisie Dänemark SC Heerenveen / De Graafschap / NEC Nijmegen / Ajax Amsterdam 459 Lasse Schöne
15%
Frankreich Ligue 1 Brasilien SC Bastia / RC Lens / Olympique Marseille / Montpellier HSC 512 Hilton
13%
Deutschland 3. Liga USA Holstein Kiel / VfL Osnabrück / SV Werder Bremen II 314 Marc Heider
6%
Portugal Liga Portugal Brasilien CS Marítimo / FC Porto / Vit. Guimarães / SC Braga 400 Alan
2%
Deutschland 2. Bundesliga Spanien Alemannia Aachen 479 Joaquín Montañés
2%
Schweiz Super League Spanien CS Chênois / FC Sion 474 Alvaro López
0%
Belgien Jupiler Pro League Niederlande KSC Lokeren 450 Bob Hoogenboom
0%
Schottland Scottish Premiership Kanada Hibernian FC / St. Johnstone FC 411 David Wotherspoon
0%
Russland Premier Liga Litauen Dynamo Moskau / ZSKA Moskau / Alania 369 Deividas Semberas
0%
Ukraine Premier Liga Usbekistan Dynamo Kyiv / Arsenal Kyiv / Goverla / Chornomorets 340 Maksim Shatskikh
0%
Keine übereinstimmenden Quizze gefunden
Verteilung der Resultate
Anzahl Personen mit jedem Resultat
Perzentil nach korrekt beantworteten Fragen
Ihre Resultats-Entwicklung
Sie haben dieses Quiz noch nicht gespielt